000 00495nam a2200145 a 4500
008 120416s1989 ||||||||||||||||| || u
020 _a0434912077
050 _aTK 7868.O6 Mar
100 _aMarston, R. M
245 1 0 _aOp-amp circuits manual
260 _aOxford
_bHeinemann Newnes
_c1989
300 _a(vii) 211p. : ill
350 _a0.00
995 _D0.00
_FCBU-MAIN LIBRARY (Kitwe)
_H1
_I12.95
_ULOST
_ZMain Library Open Access Collection
999 _c52621
_d52621